000 00526nam a2200181Ia 4500
003 GCL
008 140319s9999 xx 000 0 eng d
040 _aGCL /
_cGCL
082 0 4 _a391.2
_bM A
100 1 _aMACLEOD, ARPENE ELOWE
245 1 0 _aACCOMMODATING PROTEST: WORKING WOMEN, THE NEW VEILING AND CHANGE IN CAIRO /
_cMACLEOD, ARPENE ELOWE
260 _a[S.N] :
_bTHE AMERICAN UNIVERSITY IN CAIRO PRESS ،
_c1992
300 _a206 P
650 0 4 _aCAIRO
650 0 4 _aWOMEN
650 0 4 _aNEGOTIATION
942 _2ddc
_cBK
999 _c16779
_d16779